| 000 | 01027pam a2200337 a 4500 | ||
|---|---|---|---|
| 001 | 4870122 | ||
| 003 | OSt | ||
| 005 | 20140310184501.0 | ||
| 008 | 920902s1993 nyu j 000 1 eng | ||
| 010 | _a 92034062 | ||
| 020 |
_a0531054764 : _c$13.95 |
||
| 020 | _a0531086267 (lib. bdg.) | ||
| 040 |
_aDLC _cDLC _dDLC |
||
| 042 | _alcac | ||
| 050 | 0 | 0 |
_aPZ 7 _b.J629 1994 |
| 100 | 1 |
_aJohnson, Angela, _d1961- _928618 |
|
| 245 | 1 | 0 |
_aToning the sweep / _cAngela Johnson. |
| 260 |
_aNew York : _bOrchard Books, _cc1993. |
||
| 300 |
_a103 p. : _c22 cm. |
||
| 521 | _aG5 | ||
| 526 | _c760 | ||
| 650 | 1 |
_aGrandmothers _vFiction. _928619 |
|
| 650 | 1 |
_aFamily life _vFiction. _928620 |
|
| 650 | 1 |
_aDeserts _vFiction. _928621 |
|
| 650 | 1 |
_aCancer _vFiction. _928622 |
|
| 650 | 1 |
_aAfrican Americans _vFiction. _928623 |
|
| 906 |
_a7 _bcbc _corignew _d1 _eocip _f19 _gy-gencatlg |
||
| 942 |
_2lcc _cBK-SCHOLAS |
||
| 999 |
_c34735 _d34735 |
||